| 000 | 01052nam a2200277 i 4500 | ||
|---|---|---|---|
| 003 | DO-SdBNP | ||
| 005 | 20250303083234.0 | ||
| 007 | ta | ||
| 008 | 250303b19-- dr ||||| |||| 00| 0 spa d | ||
| 040 |
_aDO-SdBNP _bspa _cBNPHU _erda |
||
| 082 | 4 |
_axxx _bxxx _222 |
|
| 245 | 0 | 0 |
_aEconomía dominicana y la banca central / _cDiógenes H. Fernández, Fernando Periche, Eduardo Fernández P., Carlos Despradel, Bernardo Vega, Hugo Guiliani Cury |
| 264 | 1 |
_aSanto Domingo : _bCentro de Estudios Monetarios y Bancarios, _cfecha no identificada. |
|
| 300 |
_a232 páginas ; _c22 cm. |
||
| 336 |
_atexto _btxt _2rdacontent |
||
| 337 |
_asin mediación _bn _2rdamedia |
||
| 338 |
_avolumen _bnc _2rdacarrier |
||
| 590 | _aInventariado, 2025/BT | ||
| 700 | 1 |
_aPeriche, Fernando, _eautor _4aut. _934533 |
|
| 700 | 1 |
_aFernández P., Eduardo, _eautor _4aut. _987091 |
|
| 700 | 1 |
_aDespradel, Carlos, _eautor _4aut. _987092 |
|
| 700 | 1 |
_aVega, Bernardo, _eautor _4aut. _985109 |
|
| 700 | 1 |
_aGuiliani Cury, Hugo, _eautor _4aut. _96465 |
|
| 910 | _aBtavárez | ||
| 942 |
_2ddc _cLBS1 |
||
| 999 |
_c58271 _d58271 |
||